00598nam a2200181 a 4500008004100000020002300041245009600064250001200160260005200172300003400224504005400258500002000312650003500332700002200367003000100389005001700390040000900407  a0521431085 (cased)00aNumerical recipes in C :bthe art of scientific computing /cWilliam H. Press ... [et al.]. a2nd ed. aCambridge :bCambridge University Press,c1992. axxvi, 994 p.:bill. ;c24 cm. aIncludes bibliographical references : p. 926-929. aIncludes index. 0aC (Computer program language).1 aPress, William H.20230123133442.0 cNUST